|
|
|
|
| LEADER |
00000nab a2200000 a 4500 |
| 001 |
vtls000101868 |
| 003 |
SK-MaSNL |
| 005 |
20260304071948.0 |
| 008 |
250423c1981 xo 0 slo |
| 015 |
|
|
|a SNBRB19rr/mm-uuuuu
|
| 035 |
|
|
|a CL0111971
|
| 035 |
|
|
|a urn:nbn:sk:snk-abbag2
|
| 035 |
|
|
|a (urnnbn)urn:nbn:sk:snk:ar-005635
|
| 035 |
|
|
|a (uuid)c5775928-f790-4f0d-b259-5946d03d503f
|
| 040 |
|
|
|a SNKBUCL
|b slo
|c SNKBUCL
|e AACR2
|
| 041 |
0 |
|
|a slo
|
| 044 |
|
|
|a xo
|c SK
|
| 080 |
|
|
|a 630 3
|2 1981
|
| 080 |
|
|
|a 674
|2 1981
|
| 080 |
|
|
|a 684
|2 1981
|
| 080 |
|
|
|a 339.923
|2 1981
|
| 080 |
|
|
|a 061.1(100-11)
|2 1981
|
| 100 |
1 |
|
|a Perlác, Július,
|d 1921-1991
|4 aut
|9 242096
|
| 245 |
1 |
0 |
|a Komplexné využitie drevnej suroviny
|c Július Perlac, Jozef Mikula
|
| 650 |
0 |
7 |
|a surovina drevná
|2 snkbucl
|9 920956
|
| 650 |
0 |
7 |
|a drevospracujúci priemysel
|2 snkbucl
|9 1118
|
| 650 |
0 |
7 |
|a Rada vzájomnej hospodárskej pomoci
|2 snkbucl
|9 920973
|
| 655 |
|
7 |
|a články z novín a časopisov
|2 snkbucl
|9 267496
|
| 700 |
1 |
|
|a Mikula, Jozef
|4 aut
|9 366778
|
| 773 |
0 |
|
|t Technická práca
|g Roč. 33, č. 11 (1981), s. 30-31
|
| 850 |
|
|
|a Slovenská národná knižnica
|
| 852 |
|
|
|a Slovenská národná knižnica
|
| 954 |
|
|
|a odborná, vedecká literatúra pôvodná (slovenská)
|2 lita
|
| 958 |
|
|
|a article15
|
| 958 |
|
|
|a RK
|
| 958 |
|
|
|a OND
|
| 958 |
|
|
|a EUIPO
|
| 992 |
|
|
|a RBX
|
| 999 |
|
|
|c 2763606
|d 2765536
|